Provinces of Argentina by First Letter - Statistics

General Stats
  • This quiz has been taken 28 times
  • The average score is 20 of 24
Answers on the Map
Answers color-coded by a green-red scale on the quiz's map according to % correct below.
 
Answer Stats
Province % Correct
City of Buenos Aires
100%
Buenos Aires
88%
Rio Negro
88%
Santiago del Estero
88%
Catamarca
82%
Chaco
82%
Chubut
82%
Córdoba
82%
Corrientes
82%
Entre Ríos
82%
La Rioja
82%
Mendoza
82%
Misiones
82%
Tierra del Fuego
82%
Formosa
76%
Jujuy
76%
La Pampa
76%
Neuquén
76%
Salta
76%
San Juan
76%
San Luis
76%
Santa Cruz
76%
Santa Fe
76%
Tucumán
76%
No matching quizzes found
Score Distribution
Percent of People with Each Score
Percentile by Number Answered
Your Score History
You have not taken this quiz